[Event "Junior Online 4NCL Division 3"]
[Site "online"]
[Date "2021.01.21"]
[Round "1.102"]
[White "Ryu, Siyoung"]
[Black "Popovici, Rees"]
[Result "0-1"]
[WhiteElo "790"]
[BlackElo "1702"]
[PlyCount "42"]
[EventDate "2021.01.21"]
[WhiteTeam "Leicestershire Juniors 5"]
[BlackTeam "Colchester Juniors A"]

1. e4 e5 2. Nf3 Nc6 3. Nc3 Bc5 4. Bb5 Nf6 5. O-O a6 6. Be2 d6 7. h4 h5 8. Bd3
Bg4 9. Qe1 Qd7 10. a3 Bxf3 11. gxf3 Nd4 12. Qe3 Qh3 13. Qe2 Nxf3+ 14. Qxf3 Qxf3
15. Na4 Qg4+ 16. Kh2 Qxh4+ 17. Kg2 Qg5+ 18. Kh2 Ng4+ 19. Kg3 Qf4+ 20. Kh4 g5+
21. Kh3 Qh2# 0-1

[Event "Junior Online 4NCL Division 3"]
[Site "online"]
[Date "2021.01.21"]
[Round "1.103"]
[White "Rida, Ruqayyah"]
[Black "Gadhia, Sathya"]
[Result "1-0"]
[WhiteElo "1540"]
[BlackElo "729"]
[PlyCount "45"]
[EventDate "2021.01.21"]
[WhiteTeam "Colchester Juniors A"]
[BlackTeam "Leicestershire Juniors 5"]

1. e4 Nc6 2. d4 Nf6 3. Nc3 Nxe4 4. Nxe4 d5 5. Nc3 e5 6. dxe5 Nxe5 7. Qxd5 Qxd5
8. Nxd5 Be6 9. Nxc7+ Kd8 10. Nxa8 Bc5 11. Be3 b6 12. Bxc5 bxc5 13. g3 c4 14.
Bg2 Re8 15. O-O-O+ Nd7 16. Nf3 Bg4 17. h3 Bxf3 18. Bxf3 f5 19. Bc6 Re6 20. Bxd7
Rd6 21. Rxd6 g6 22. Re1 h6 23. Bxf5# 1-0

[Event "Junior Online 4NCL Division 3"]
[Site "online"]
[Date "2021.01.21"]
[Round "1.104"]
[White "Das, Aman"]
[Black "Catabay, Rezin C"]
[Result "0-1"]
[WhiteElo "658"]
[BlackElo "1493"]
[PlyCount "36"]
[EventDate "2021.01.21"]
[WhiteTeam "Leicestershire Juniors 5"]
[BlackTeam "Colchester Juniors A"]

1. e4 e5 2. Nf3 Nf6 3. Bc4 Nxe4 4. Nxe5 d5 5. Bb5+ c6 6. Ba4 Qe7 7. Nf3 Nc3+ 8.
Kf1 Nxd1 9. Nd4 Qc5 10. c3 Qc4+ 11. d3 Qxd3+ 12. Ne2 Bg4 13. f3 Bh5 14. Na3 Bc5
15. Nb5 O-O 16. Nc7 Nd7 17. Nxa8 Re8 18. Nc7 Qxe2# 0-1

[Event "Junior Online 4NCL Division 3"]
[Site "online"]
[Date "2021.01.21"]
[Round "1.106"]
[White "Popovici, Rees"]
[Black "Ryu, Siyoung"]
[Result "1-0"]
[WhiteElo "1702"]
[BlackElo "790"]
[PlyCount "33"]
[EventDate "2021.01.21"]
[WhiteTeam "Colchester Juniors A"]
[BlackTeam "Leicestershire Juniors 5"]

1. e4 e5 2. d4 exd4 3. c3 dxc3 4. Bc4 cxb2 5. Bxb2 Nc6 6. Qb3 Bb4+ 7. Nc3 Bxc3+
8. Bxc3 Qh4 9. Bxf7+ Kf8 10. Bd5 Qg4 11. Qa3+ Ke8 12. g3 Qf3 13. Nxf3 d6 14.
Bxg7 Bg4 15. Bxh8 Bxf3 16. Qxf3 Rd8 17. Qf7# 1-0

[Event "Junior Online 4NCL Division 3"]
[Site "online"]
[Date "2021.01.21"]
[Round "1.107"]
[White "Gadhia, Sathya"]
[Black "Rida, Ruqayyah"]
[Result "0-1"]
[WhiteElo "729"]
[BlackElo "1540"]
[PlyCount "38"]
[EventDate "2021.01.21"]
[WhiteTeam "Leicestershire Juniors 5"]
[BlackTeam "Colchester Juniors A"]

1. Nf3 Nf6 2. Nc3 Nc6 3. e4 e5 4. d4 exd4 5. Nxd4 d6 6. Nxc6 bxc6 7. Bb5 cxb5
8. Nxb5 Bd7 9. Nxd6+ Bxd6 10. O-O O-O 11. Re1 Re8 12. Bg5 h6 13. Bxf6 Qxf6 14.
g4 Qh4 15. f3 Qxh2+ 16. Kf1 Bb5+ 17. c4 Bxc4+ 18. Re2 Bg3 19. Rc1 Qf2# 0-1

[Event "Junior Online 4NCL Division 3"]
[Site "online"]
[Date "2021.01.21"]
[Round "1.108"]
[White "Catabay, Rezin C"]
[Black "Das, Aman"]
[Result "1-0"]
[WhiteElo "1493"]
[BlackElo "658"]
[PlyCount "47"]
[EventDate "2021.01.21"]
[WhiteTeam "Colchester Juniors A"]
[BlackTeam "Leicestershire Juniors 5"]

1. e4 c5 2. Nf3 Nc6 3. d4 cxd4 4. Nxd4 Nxd4 5. Qxd4 Qa5+ 6. Nc3 d6 7. Bc4 e5 8.
Qd3 Bg4 9. O-O Rc8 10. Bd2 Nf6 11. Nd5 Qd8 12. h3 Bh5 13. Bb5+ Nd7 14. Bb4 a6
15. Bxd7+ Qxd7 16. Nb6 Qc6 17. Nxc8 Qxc8 18. Bxd6 Bxd6 19. Qxd6 Qxc2 20. Qxe5+
Kf8 21. Qxh5 Qxe4 22. Rae1 Qd3 23. Qc5+ Kg8 24. Re8# 1-0

[Event "Junior Online 4NCL Division 3"]
[Site "online"]
[Date "2021.01.21"]
[Round "1.111"]
[White "Balakrishnan, Akshata"]
[Black "Sethia, Aditey"]
[Result "0-1"]
[WhiteElo "631"]
[BlackElo "1587"]
[PlyCount "36"]
[EventDate "2021.01.21"]
[WhiteTeam "Watford Juniors E"]
[BlackTeam "The Hall 1"]

1. e4 e6 2. Nf3 d5 3. exd5 exd5 4. Nc3 Nf6 5. Bd3 d4 6. Bc4 dxc3 7. dxc3 Qxd1+
8. Kxd1 Bf5 9. Nh4 Bg6 10. Nxg6 hxg6 11. Re1+ Be7 12. Bg5 Nc6 13. Bb5 O-O-O+
14. Kc1 Rh5 15. Rxe7 Nxe7 16. f4 Ned5 17. c4 Ne3 18. g3 Rd1# 0-1

[Event "Junior Online 4NCL Division 3"]
[Site "online"]
[Date "2021.01.21"]
[Round "1.112"]
[White "Patel, Ishaan"]
[Black "Karthik, Trivikraman"]
[Result "1-0"]
[WhiteElo "1467"]
[BlackElo "670"]
[PlyCount "79"]
[EventDate "2021.01.21"]
[WhiteTeam "The Hall 1"]
[BlackTeam "Watford Juniors E"]

1. e4 e6 2. d4 d5 3. exd5 exd5 4. Nc3 Nc6 5. Nf3 Nf6 6. Bf4 Bd6 7. Bg3 Bg4 8.
Be2 Bxg3 9. fxg3 O-O 10. O-O Qd6 11. Nh4 Bxe2 12. Nxe2 Rfd8 13. Rf2 Ne4 14. Rf4
Re8 15. Nf5 Qb4 16. b3 Rad8 17. a3 Qd2 18. g4 g6 19. Nh6+ Kg7 20. g5 f6 21.
Rxf6 Qxd1+ 22. Rxd1 Nxf6 23. gxf6+ Kxh6 24. Ng3 Re6 25. f7 Rf8 26. c4 Rxf7 27.
cxd5 Re3 28. dxc6 bxc6 29. Rb1 Rfe7 30. Kf1 Rf7+ 31. Kg1 Kg5 32. a4 Rd3 33. Rc1
Rxd4 34. Rc5+ Rd5 35. Rc1 Rd3 36. Rb1 c5 37. h3 Rfd7 38. Kh2 Kh4 39. Re1 Rxg3
40. Re4+ 1-0

[Event "Junior Online 4NCL Division 3"]
[Site "online"]
[Date "2021.01.21"]
[Round "1.113"]
[White "Taylor, Tamuka"]
[Black "Moser, Benjamin"]
[Result "0-1"]
[WhiteElo "622"]
[BlackElo "1370"]
[PlyCount "70"]
[EventDate "2021.01.21"]
[WhiteTeam "Watford Juniors E"]
[BlackTeam "The Hall 1"]

1. e4 e5 2. f4 f6 3. Nf3 Nc6 4. fxe5 fxe5 5. Nc3 Bc5 6. Bb5 Nf6 7. Bxc6 dxc6 8.
d3 O-O 9. Qe2 Bg4 10. Be3 Bd4 11. Bxd4 exd4 12. Na4 Re8 13. Nc5 b6 14. Nb7 Qc8
15. O-O Qxb7 16. Qf2 Bxf3 17. Qxf3 Qc8 18. Qf2 Rf8 19. Qxd4 Qe6 20. Qc4 Qxc4
21. dxc4 Nxe4 22. Rfe1 Nd6 23. Re7 Nxc4 24. Rxc7 c5 25. Rb1 Nd2 26. Rd1 Rad8
27. Rxa7 Nf3+ 28. Kf1 Rxd1+ 29. Ke2 Rc1 30. gxf3 Rxc2+ 31. Kd1 Rxb2 32. Rb7
Rxh2 33. Rxb6 h6 34. a4 Rxf3 35. a5 Rf1# 0-1

[Event "Junior Online 4NCL Division 3"]
[Site "online"]
[Date "2021.01.21"]
[Round "1.114"]
[White "Smolders, Thomas"]
[Black "Naren, Riya"]
[Result "1-0"]
[WhiteElo "1330"]
[BlackElo "646"]
[PlyCount "43"]
[EventDate "2021.01.21"]
[WhiteTeam "The Hall 1"]
[BlackTeam "Watford Juniors E"]

1. e4 e5 2. Nf3 Nc6 3. d4 Nf6 4. dxe5 Ng8 5. Nc3 d6 6. exd6 cxd6 7. Bb5 a6 8.
Ba4 b5 9. Bb3 Na5 10. Bxf7+ Kxf7 11. Qd5+ Be6 12. Ng5+ Kg6 13. Nxe6 Be7 14.
Nxd8 Rxd8 15. Qe6+ Bf6 16. Nd5 h6 17. Nxf6 Rf8 18. Nxg8+ Rf6 19. Nxf6 d5 20.
Nxd5+ Kh7 21. Nf6+ gxf6 22. Qf7# 1-0

[Event "Junior Online 4NCL Division 3"]
[Site "online"]
[Date "2021.01.21"]
[Round "1.115"]
[White "Sethia, Aditey"]
[Black "Balakrishnan, Akshata"]
[Result "1-0"]
[WhiteElo "1587"]
[BlackElo "631"]
[PlyCount "57"]
[EventDate "2021.01.21"]
[WhiteTeam "The Hall 1"]
[BlackTeam "Watford Juniors E"]

1. d4 e6 2. e4 d6 3. Nf3 d5 4. a3 dxe4 5. Nfd2 e3 6. fxe3 Bd6 7. Nf3 Nf6 8. Bd3
e5 9. dxe5 Bg4 10. exd6 cxd6 11. h3 Bxf3 12. Qxf3 Nc6 13. Bb5 O-O 14. O-O a6
15. Bxc6 bxc6 16. Qxc6 Rc8 17. Qxa6 Ra8 18. Qd3 Qe7 19. Nc3 Rae8 20. Re1 Qa7
21. Kh1 Qc7 22. e4 Nxe4 23. Rxe4 Rd8 24. Bf4 f5 25. Qd5+ Kh8 26. Re6 Qf7 27.
Rxd6 Qc7 28. Rxd8 Qxf4 29. Rxf8# 1-0

[Event "Junior Online 4NCL Division 3"]
[Site "online"]
[Date "2021.01.21"]
[Round "1.116"]
[White "Karthik, Trivikraman"]
[Black "Patel, Ishaan"]
[Result "0-1"]
[WhiteElo "670"]
[BlackElo "1467"]
[PlyCount "64"]
[EventDate "2021.01.21"]
[WhiteTeam "Watford Juniors E"]
[BlackTeam "The Hall 1"]

1. d4 d5 2. Bf4 Nf6 3. e3 Bf5 4. c3 Nc6 5. Bd3 Bg6 6. Bxg6 hxg6 7. Nd2 e6 8.
Ngf3 Bd6 9. Bg3 Qe7 10. Qb3 b6 11. O-O-O O-O-O 12. a3 Na5 13. Qc2 Kb7 14. b4
Nc6 15. Nb3 a5 16. Kb2 axb4 17. axb4 Ra8 18. Ra1 Ne4 19. Bxd6 Qxd6 20. g3 Ra7
21. Rxa7+ Nxa7 22. Ra1 Nc6 23. Nh4 Ra8 24. Ng2 Qd8 25. Kb1 Rxa1+ 26. Nxa1 Qa8
27. Nf4 Qa3 28. Qa2 Nxc3+ 29. Kc2 Qxa2+ 30. Kxc3 Qxa1+ 31. Kb3 Qb1+ 32. Ka4
Qxb4# 0-1

[Event "Junior Online 4NCL Division 3"]
[Site "online"]
[Date "2021.01.21"]
[Round "1.117"]
[White "Moser, Benjamin"]
[Black "Taylor, Tamuka"]
[Result "1-0"]
[WhiteElo "1370"]
[BlackElo "622"]
[PlyCount "93"]
[EventDate "2021.01.21"]
[WhiteTeam "The Hall 1"]
[BlackTeam "Watford Juniors E"]

1. d4 d5 2. Nf3 Nc6 3. Bf4 Bf5 4. e3 Qd7 5. c3 O-O-O 6. Nbd2 Nf6 7. Bb5 a6 8.
Bxc6 Qxc6 9. Ne5 Qe6 10. f3 g6 11. Qe2 Bg7 12. g4 Bc2 13. b3 Bf5 14. gxf5 gxf5
15. O-O-O c6 16. Rhg1 Bf8 17. Nd3 Rg8 18. Rxg8 Nxg8 19. Rg1 Nf6 20. Nc5 Qd6 21.
Bxd6 exd6 22. Nxa6 bxa6 23. Qxa6+ Kc7 24. Qa7+ Kc8 25. Qb6 Bh6 26. Qxc6+ Kb8
27. Re1 Rc8 28. Qxd6+ Kb7 29. Qe7+ Nd7 30. Qxd7+ Kb8 31. Qd6+ Rc7 32. Qxh6
Rxc3+ 33. Kb2 Rd3 34. Kc2 Rxd2+ 35. Kxd2 f6 36. Rc1 Kb7 37. a4 Ka6 38. b4 Kb7
39. Qxf6 h5 40. a5 Ka8 41. a6 Ka7 42. b5 Kb8 43. b6 Ka8 44. Qf7 Kb8 45. a7+ Ka8
46. Ra1 f4 47. b7# 1-0

[Event "Junior Online 4NCL Division 3"]
[Site "online"]
[Date "2021.01.21"]
[Round "1.118"]
[White "Naren, Riya"]
[Black "Smolders, Thomas"]
[Result "0-1"]
[WhiteElo "646"]
[BlackElo "1330"]
[PlyCount "38"]
[EventDate "2021.01.21"]
[WhiteTeam "Watford Juniors E"]
[BlackTeam "The Hall 1"]

1. e4 e5 2. c3 Nf6 3. Nf3 Nxe4 4. Nxe5 Qe7 5. Qe2 Qxe5 6. Qd1 Nxc3+ 7. Be2 Nxd1
8. Kxd1 Bc5 9. Re1 O-O 10. Bf1 Qh5+ 11. Be2 Qxh2 12. Rf1 Qxg2 13. Re1 Bxf2 14.
Nc3 Bxe1 15. b3 Bg3 16. Bb2 Be5 17. Rc1 Bxc3 18. dxc3 Re8 19. Ba3 Qxe2# 0-1

[Event "Junior Online 4NCL Division 3"]
[Site "online"]
[Date "2021.01.21"]
[Round "1.121"]
[White "Burrill, Edoardo"]
[Black "Parizad, Anjal"]
[Result "1-0"]
[WhiteElo "1383"]
[BlackElo "915"]
[PlyCount "55"]
[EventDate "2021.01.21"]
[WhiteTeam "JHJ Shark Tank 4"]
[BlackTeam "Leicestershire Juniors 4"]

1. e4 e5 2. Nf3 Nf6 3. Nxe5 d6 4. Nf3 Be6 5. Nc3 Nc6 6. d4 Qd7 7. d5 Nb4 8.
dxe6 Qxe6 9. a3 Nc6 10. Bd3 O-O-O 11. O-O Be7 12. b4 d5 13. exd5 Nxd5 14. Re1
Nxc3 15. Qd2 Qf6 16. Bb2 Ne2+ 17. Qxe2 Qxb2 18. b5 Rhe8 19. bxc6 bxc6 20. Ba6+
Kb8 21. Rab1 Qb6 22. Rxb6+ axb6 23. Qe4 Rd5 24. Nd4 Red8 25. Nxc6+ Ka8 26. Nxd8
Bxd8 27. Qxd5+ Ka7 28. Qb7# 1-0

[Event "Junior Online 4NCL Division 3"]
[Site "online"]
[Date "2021.01.21"]
[Round "1.122"]
[White "Abraham, Lexi"]
[Black "Hanache, Kai"]
[Result "0-1"]
[WhiteElo "970"]
[BlackElo "1371"]
[PlyCount "86"]
[EventDate "2021.01.21"]
[WhiteTeam "Leicestershire Juniors 4"]
[BlackTeam "JHJ Shark Tank 4"]

1. e4 e6 2. Nf3 d5 3. Nc3 dxe4 4. Nxe4 Nf6 5. Bb5+ c6 6. Bd3 Nxe4 7. Bxe4 Bd6
8. d3 f5 9. Bg5 Be7 10. Bxe7 Qxe7 11. h4 fxe4 12. dxe4 Qb4+ 13. c3 Qxe4+ 14.
Qe2 Qxe2+ 15. Kxe2 O-O 16. Ng5 b6 17. Ne4 Ba6+ 18. Ke3 Nd7 19. Nd6 Ne5 20. Ke4
Nc4 21. Nxc4 Bxc4 22. Kd4 Bd5 23. b3 Rxf2 24. Rad1 Rd8 25. Ke3 Rxa2 26. c4 Rxg2
27. cxd5 Rxd5 28. Rxd5 cxd5 29. Kf4 Rb2 30. Ke5 Kf7 31. Kd6 Rxb3 32. Kc7 d4 33.
Kb7 a5 34. Ka6 d3 35. Rd1 a4 36. Kb7 a3 37. Kc6 a2 38. Kd6 Rb1 39. Rxb1 axb1=Q
40. Kc6 d2 41. Kc7 d1=Q 42. Kb7 Qd7+ 43. Ka6 Qbb5# 0-1

[Event "Junior Online 4NCL Division 3"]
[Site "online"]
[Date "2021.01.21"]
[Round "1.123"]
[White "Hatem, Mika"]
[Black "Dahi, Varad Prakash"]
[Result "1-0"]
[WhiteElo "1369"]
[BlackElo "833"]
[PlyCount "61"]
[EventDate "2021.01.21"]
[WhiteTeam "JHJ Shark Tank 4"]
[BlackTeam "Leicestershire Juniors 4"]

1. e4 e5 2. Nf3 Nc6 3. Bc4 Nf6 4. Ng5 d5 5. exd5 Nxd5 6. Nxf7 Kxf7 7. Qf3+ Qf6
8. Bxd5+ Be6 9. Bxc6 Qxf3 10. Bxf3 Rd8 11. O-O Bf5 12. d3 e4 13. dxe4 Be6 14.
Nc3 Bc4 15. Rd1 Rxd1+ 16. Bxd1 Be6 17. Be3 Bb4 18. Bf3 Bxc3 19. bxc3 Bd7 20.
Rd1 Ba4 21. Bxa7 Bxc2 22. Rd4 Bb1 23. Rd2 Ra8 24. Rb2 Bd3 25. Rxb7 Ba6 26.
Rxc7+ Ke8 27. Rxg7 Kd8 28. Rg8+ Kc7 29. Rxa8 Bb7 30. Rh8 Ba6 31. e5 1-0

[Event "Junior Online 4NCL Division 3"]
[Site "online"]
[Date "2021.01.21"]
[Round "1.124"]
[White "Jackson, Will"]
[Black "Zhao, George"]
[Result "0-1"]
[WhiteElo "809"]
[BlackElo "1363"]
[PlyCount "100"]
[EventDate "2021.01.21"]
[WhiteTeam "Leicestershire Juniors 4"]
[BlackTeam "JHJ Shark Tank 4"]

1. d4 e6 2. Nc3 d5 3. e3 Nf6 4. Bb5+ c6 5. Ba4 a5 6. e4 b5 7. Bb3 a4 8. Bg5
axb3 9. Bxf6 Qxf6 10. e5 bxc2 11. Qxc2 Qf5 12. Qe2 Bb4 13. Rc1 Bxc3+ 14. Rxc3
Qb1+ 15. Kd2 Qxb2+ 16. Rc2 Qxd4+ 17. Ke1 Qa1+ 18. Kd2 Rxa2 19. Rxa2 Qxa2+ 20.
Ke3 Qb3+ 21. Kd2 Qb2+ 22. Ke1 Qc1+ 23. Qd1 Qc3+ 24. Qd2 Qxe5+ 25. Ne2 Qa1+ 26.
Qd1 Qxd1+ 27. Kxd1 O-O 28. Nf4 e5 29. Nd3 e4 30. Ne5 Re8 31. Ng4 Bxg4+ 32. Kd2
d4 33. Re1 c5 34. Kc2 c4 35. Rb1 e3 36. fxe3 dxe3 37. Rxb5 e2 38. Rb1 e1=Q 39.
Rxe1 Rxe1 40. Kd2 Re2+ 41. Kc3 Rxg2 42. Kxc4 Rxh2 43. Kc5 f5 44. Kb6 f4 45. Kb7
f3 46. Kxb8 f2 47. Kc7 f1=Q 48. Kd8 Qa6 49. Ke8 Re2+ 50. Kd8 Qc8# 0-1

[Event "Junior Online 4NCL Division 3"]
[Site "online"]
[Date "2021.01.21"]
[Round "1.125"]
[White "Parizad, Anjal"]
[Black "Burrill, Edoardo"]
[Result "0-1"]
[WhiteElo "915"]
[BlackElo "1383"]
[PlyCount "68"]
[EventDate "2021.01.21"]
[WhiteTeam "Leicestershire Juniors 4"]
[BlackTeam "JHJ Shark Tank 4"]

1. e4 e5 2. Nf3 Nc6 3. Bc4 Nf6 4. Ng5 d5 5. exd5 Nd4 6. d3 Nf5 7. O-O Nd6 8.
Be3 h6 9. Nf3 Bg4 10. Nc3 Be7 11. d4 Nxc4 12. dxe5 Nxe3 13. Qe2 Nfxd5 14. Nxd5
Nxd5 15. c4 Nf4 16. Qe4 Bxf3 17. Qxf3 Ne6 18. Rad1 Qc8 19. Rfe1 O-O 20. b3 Ng5
21. Qf4 Qe6 22. h4 Nh7 23. g3 g5 24. hxg5 Nxg5 25. Qd4 Nf3+ 26. Kg2 Nxd4 27.
Rxd4 Kh8 28. f4 Rg8 29. Rh1 Kh7 30. a4 Qg4 31. Rh3 Bc5 32. Rd3 Qe2+ 33. Kh1
Qf1+ 34. Kh2 Qg1# 0-1

[Event "Junior Online 4NCL Division 3"]
[Site "online"]
[Date "2021.01.21"]
[Round "1.127"]
[White "Dahi, Varad Prakash"]
[Black "Hatem, Mika"]
[Result "0-1"]
[WhiteElo "833"]
[BlackElo "1369"]
[PlyCount "34"]
[EventDate "2021.01.21"]
[WhiteTeam "Leicestershire Juniors 4"]
[BlackTeam "JHJ Shark Tank 4"]

1. e4 e5 2. Nf3 Nc6 3. Bc4 Nf6 4. d3 Bc5 5. O-O d6 6. Bg5 Bg4 7. Bxf6 Qxf6 8.
Nbd2 Nd4 9. b4 Bxb4 10. Rb1 Bxd2 11. Qxd2 Bxf3 12. gxf3 Nxf3+ 13. Kh1 Nxd2 14.
Rfd1 Nxb1 15. Rxb1 Qxf2 16. Rxb7 O-O 17. Rxc7 Qf1# 0-1

[Event "Junior Online 4NCL Division 3"]
[Site "online"]
[Date "2021.01.21"]
[Round "1.128"]
[White "Zhao, George"]
[Black "Jackson, Will"]
[Result "1-0"]
[WhiteElo "1363"]
[BlackElo "809"]
[PlyCount "47"]
[EventDate "2021.01.21"]
[WhiteTeam "JHJ Shark Tank 4"]
[BlackTeam "Leicestershire Juniors 4"]

1. b3 e5 2. Bb2 Bb4 3. Bxe5 Qe7 4. Bxg7 d5 5. Bxh8 Bf5 6. Bc3 Bxc3 7. Nxc3 Qa3
8. Nxd5 Be6 9. Nxc7+ Kd8 10. Nxa8 Nf6 11. Qc1 Ne4 12. Qxa3 Nc3 13. Qd6+ Ke8 14.
Qxb8+ Bc8 15. Qxc8+ Ke7 16. Qxb7+ Ke6 17. dxc3 Ke5 18. Nc7 Kf4 19. Qf3+ Ke5 20.
Qe3+ Kf6 21. Qf4+ Kg7 22. Qg5+ Kf8 23. Nd5 Ke8 24. Qe7# 1-0

[Event "Junior Online 4NCL Division 3"]
[Site "online"]
[Date "2021.01.21"]
[Round "1.131"]
[White "Abraham, Leo"]
[Black "Yu, Rock"]
[Result "0-1"]
[WhiteElo "1076"]
[BlackElo "1450"]
[PlyCount "76"]
[EventDate "2021.01.21"]
[WhiteTeam "Leicestershire Juniors 3"]
[BlackTeam "JHJ Shark Tank 3"]

1. e4 Nf6 2. Nc3 d5 3. exd5 Nxd5 4. Nxd5 Qxd5 5. Nf3 Nc6 6. Be2 Bf5 7. O-O g6
8. d4 Bg7 9. c3 O-O 10. h3 Rad8 11. Bf4 Qa5 12. Qd2 e5 13. Bh2 exd4 14. cxd4
Qxd2 15. Nxd2 Nxd4 16. Bc4 Nc2 17. Rad1 Bh6 18. Bxc7 Rxd2 19. Rxd2 Bxd2 20. Rd1
Bh6 21. Bd5 Rc8 22. Be5 Re8 23. Bf6 b6 24. Bb3 Bg7 25. Bc3 Bxc3 26. bxc3 Re1+
27. Rxe1 Nxe1 28. Kh2 Nd3 29. Kg3 Nc5 30. Bc4 Ne4+ 31. Kf3 Nd2+ 32. Kf4 Nxc4
33. g4 Be6 34. a3 Nxa3 35. Ke5 Nb5 36. f4 Nxc3 37. Kd6 a5 38. Ke7 a4 0-1

[Event "Junior Online 4NCL Division 3"]
[Site "online"]
[Date "2021.01.21"]
[Round "1.132"]
[White "Oh, Julie"]
[Black "Hilmi, Sofia"]
[Result "0-1"]
[WhiteElo "1442"]
[BlackElo "1148"]
[PlyCount "132"]
[EventDate "2021.01.21"]
[WhiteTeam "JHJ Shark Tank 3"]
[BlackTeam "Leicestershire Juniors 3"]

1. e4 e5 2. Nf3 Nc6 3. Nc3 Nf6 4. Bb5 Bb4 5. Bxc6 bxc6 6. a3 Bxc3 7. bxc3 d6 8.
d3 Bg4 9. h3 Bh5 10. g4 Bg6 11. Be3 O-O 12. Qd2 Rb8 13. Rg1 c5 14. h4 h6 15. h5
Bh7 16. g5 Nxh5 17. gxh6 g6 18. Qe2 Qf6 19. Nd2 Nf4 20. Qg4 Rb2 21. Bxf4 Qxf4
22. Qxf4 exf4 23. Kd1 Rfb8 24. Nc4 Rb1+ 25. Kd2 Rxa1 26. Rxa1 g5 27. Rg1 f6 28.
f3 Kf7 29. d4 cxd4 30. cxd4 Kg6 31. Rh1 Rb5 32. Kd3 a6 33. d5 a5 34. Kd4 a4 35.
Kd3 Rc5 36. Rb1 Kxh6 37. Rb4 Kh5 38. Rxa4 g4 39. fxg4+ Kxg4 40. Nd2 f5 41. exf5
Bxf5+ 42. Ke2 Rxc2 43. Rc4 Rxc4 44. Nxc4 Kg3 45. a4 f3+ 46. Kf1 Bd3+ 47. Kg1
Bxc4 48. a5 Bxd5 49. a6 c5 50. a7 c4 51. Kf1 c3 52. Ke1 f2+ 53. Kf1 c2 54. a8=Q
Bxa8 55. Ke2 c1=Q 56. Kd3 Bh1 57. Kd4 Qe1 58. Kd3 Kf4 59. Kd4 Qd1+ 60. Kc4 Ke5
61. Kb5 Qc1 62. Kb4 Kd5 63. Kb3 Kd4 64. Kb4 Qb1+ 65. Ka5 Kc5 66. Ka6 Qb6# 0-1

[Event "Junior Online 4NCL Division 3"]
[Site "online"]
[Date "2021.01.21"]
[Round "1.134"]
[White "Vashisht-Pigem, Raman"]
[Black "Sehgal, Garv"]
[Result "1-0"]
[WhiteElo "1405"]
[BlackElo "955"]
[PlyCount "45"]
[EventDate "2021.01.21"]
[WhiteTeam "JHJ Shark Tank 3"]
[BlackTeam "Leicestershire Juniors 3"]

1. e4 e5 2. Nf3 Nc6 3. Bc4 d5 4. Bxd5 Be6 5. Bxe6 fxe6 6. d3 Qf6 7. c3 O-O-O 8.
Bg5 Qg6 9. Bxd8 Qxg2 10. Rg1 Qxh2 11. Nxh2 Nxd8 12. Nd2 Ne7 13. Nc4 Nec6 14.
Nf3 Bc5 15. Nfxe5 Nxe5 16. Nxe5 Nc6 17. Nxc6 bxc6 18. d4 Be7 19. Rxg7 Bh4 20.
Qg4 Bf6 21. Qxe6+ Kd8 22. Qxf6+ Ke8 23. Qe7# 1-0

[Event "Junior Online 4NCL Division 3"]
[Site "online"]
[Date "2021.01.21"]
[Round "1.135"]
[White "Yu, Rock"]
[Black "Abraham, Leo"]
[Result "1-0"]
[WhiteElo "1450"]
[BlackElo "1076"]
[PlyCount "53"]
[EventDate "2021.01.21"]
[WhiteTeam "JHJ Shark Tank 3"]
[BlackTeam "Leicestershire Juniors 3"]

1. e4 e5 2. Nf3 Nc6 3. Bc4 h6 4. d4 d6 5. dxe5 dxe5 6. Qxd8+ Kxd8 7. O-O Bd6 8.
Be3 f6 9. Nc3 Bd7 10. Rad1 b6 11. Nb5 Be7 12. Be6 Nd4 13. Nfxd4 Bxe6 14. Nxe6+
Kc8 15. Nbxc7 Rb8 16. Nd5 Rb7 17. Nxe7+ Rxe7 18. Rd6 Re8 19. Rfd1 Kb7 20. Rd7+
Kc6 21. Rc7+ Kb5 22. Rd5+ Ka6 23. Nc5+ bxc5 24. Rd6+ Kb5 25. Rxc5+ Kb4 26. a3+
Ka4 27. Ra6# 1-0

[Event "Junior Online 4NCL Division 3"]
[Site "online"]
[Date "2021.01.21"]
[Round "1.136"]
[White "Hilmi, Sofia"]
[Black "Oh, Julie"]
[Result "0-1"]
[WhiteElo "1148"]
[BlackElo "1442"]
[PlyCount "130"]
[EventDate "2021.01.21"]
[WhiteTeam "Leicestershire Juniors 3"]
[BlackTeam "JHJ Shark Tank 3"]

1. e4 c5 2. Nf3 e6 3. Nc3 a6 4. Bc4 Qc7 5. d3 Nc6 6. Be3 b5 7. Bb3 Bb7 8. Qe2
Nf6 9. h3 Be7 10. a3 h6 11. O-O g5 12. Nxg5 hxg5 13. Bxg5 Rg8 14. Bxf6 Bxf6 15.
Qh5 Be7 16. Ne2 Qe5 17. Qxe5 Nxe5 18. c3 Nxd3 19. Rab1 Bxe4 20. f3 Bf5 21. Kh2
Bd6+ 22. Kh1 Nf2+ 23. Rxf2 Bxb1 24. Rf1 Bd3 25. Re1 c4 26. Bd1 Bg3 27. Nxg3
Rxg3 28. Kh2 Rg7 29. Re5 d6 30. Rh5 O-O-O 31. f4 Rdg8 32. Bg4 Bf5 33. Rh4 Bxg4
34. hxg4 Rxg4 35. Rxg4 Rxg4 36. g3 f5 37. Kh3 e5 38. fxe5 dxe5 39. Kg2 f4 40.
Kf3 Rxg3+ 41. Ke4 f3 42. Ke3 e4 43. Kf2 Rg2+ 44. Kf1 Rxb2 45. Kg1 e3 46. Kf1 f2
47. Kg2 Rc2 48. Kf1 Rxc3 49. Ke2 Rxa3 50. Kf1 Ra1+ 51. Ke2 f1=Q+ 52. Kxe3 Re1+
53. Kd4 Qd3+ 54. Kc5 Re5+ 55. Kb4 Qb3+ 56. Ka5 Qa4+ 57. Kb6 Re6+ 58. Kc5 Kc7
59. Kd4 Qb4 60. Kd5 Rd6+ 61. Ke5 Qe1+ 62. Kf5 Rd2 63. Kf6 Rf2+ 64. Kg5 Qg1+ 65.
Kh6 Rh2# 0-1

[Event "Junior Online 4NCL Division 3"]
[Site "online"]
[Date "2021.01.21"]
[Round "1.137"]
[White "Groot Wassink, Emma"]
[Black "Das, Anish"]
[Result "1-0"]
[WhiteElo "1428"]
[BlackElo "1015"]
[PlyCount "29"]
[EventDate "2021.01.21"]
[WhiteTeam "JHJ Shark Tank 3"]
[BlackTeam "Leicestershire Juniors 3"]

1. e4 c5 2. Nf3 Nc6 3. d4 e6 4. Bb5 Qa5+ 5. Nc3 d5 6. exd5 exd5 7. Ne5 Nge7 8.
dxc5 a6 9. Ba4 Qxc5 10. O-O b5 11. Nxc6 Nxc6 12. Bb3 Bb7 13. Nxd5 O-O-O 14.
Qg4+ Rd7 15. Be3 1-0

[Event "Junior Online 4NCL Division 3"]
[Site "online"]
[Date "2021.01.21"]
[Round "1.138"]
[White "Sehgal, Garv"]
[Black "Vashisht-Pigem, Raman"]
[Result "0-1"]
[WhiteElo "955"]
[BlackElo "1405"]
[PlyCount "60"]
[EventDate "2021.01.21"]
[WhiteTeam "Leicestershire Juniors 3"]
[BlackTeam "JHJ Shark Tank 3"]

1. e4 e5 2. Bc4 Nc6 3. d3 Bc5 4. Be3 Bb6 5. Nc3 d6 6. Qd2 Nf6 7. O-O-O Na5 8.
Nge2 Nxc4 9. dxc4 Ba5 10. c5 Nxe4 11. cxd6 Nxd2 12. Bxd2 Bxc3 13. Bxc3 f6 14.
dxc7 Qxc7 15. Bb4 Be6 16. Bd6 Qb6 17. b3 Rd8 18. Bc7 Qxc7 19. Rxd8+ Qxd8 20.
Rd1 Qe7 21. f4 Bg4 22. fxe5 Bxe2 23. exf6 Qa3+ 24. Kd2 Bxd1 25. fxg7 Rg8 26.
Kxd1 Rxg7 27. g3 Rf7 28. h4 Rf2 29. Ke1 Rh2 30. g4 Qc1# 0-1

[Event "Junior Online 4NCL Division 3"]
[Site "online"]
[Date "2021.01.21"]
[Round "1.141"]
[White "Grahame, Silas"]
[Black "Omoruyi, Jaden"]
[Result "0-1"]
[WhiteElo "1075"]
[BlackElo "1149"]
[PlyCount "74"]
[EventDate "2021.01.21"]
[WhiteTeam "Harrow Juniors F"]
[BlackTeam "Brentwood School B"]

1. f4 d5 2. e3 Nc6 3. d4 Nf6 4. Bb5 Bf5 5. Bxc6+ bxc6 6. Nf3 e6 7. O-O c5 8.
dxc5 Bxc5 9. Ne5 O-O 10. Nc6 Qd6 11. Ne5 Ne4 12. Re1 f6 13. Nd3 Rab8 14. Nxc5
Qxc5 15. b3 Nc3 16. Nxc3 Qxc3 17. Ba3 Rfe8 18. h3 Bxc2 19. Qc1 d4 20. exd4
Qxd4+ 21. Kh2 Bg6 22. Qxc7 Qd5 23. Red1 Qb5 24. Rd7 Qa6 25. Bb2 Rbc8 26. Qxa7
Qxa7 27. Rxa7 Rc2 28. Ba3 Be4 29. Kg1 Rxg2+ 30. Kf1 Rd8 31. Ra4 Bc6 32. Ra6
Rxa2 33. Rxa2 Bb5+ 34. Kg2 Bxa6 35. Be7 Ra8 36. b4 Bb7+ 37. Kg3 Rxa2 0-1